Online Public Access Catalogue

Clinical atlas of Human Anatomy (Record no. 11411)

MARC details
000 -LEADER
fixed length control field 00414nam a22001457a 4500
020 ## - INTERNATIONAL STANDARD BOOK NUMBER
International Standard Book Number 9780808923183
082 ## - DEWEY DECIMAL CLASSIFICATION NUMBER
Classification number 611
Author Mark ABR
100 ## - MAIN ENTRY--PERSONAL NAME
Author Name Abrahams Boon
245 ## - TITLE STATEMENT
Title Clinical atlas of Human Anatomy
260 ## - PUBLICATION, DISTRIBUTION, ETC.
Place of publication, distribution, etc. China
Name of publisher, distributor, etc. Elsevier
Date of publication, distribution, etc. 2009
300 ## - PHYSICAL DESCRIPTION
No of Pages 386 P
illustrations ill
Dimensions 30cm
440 ## - SERIES STATEMENT/ADDED ENTRY--TITLE
Title Clinical atlas of Human Anatomy
650 ## - SUBJECT ADDED ENTRY--TOPICAL TERM
Subject Dentistry, Anatomy
Keywords Systemic Review, Head Neck and Brain
942 ## - ADDED ENTRY ELEMENTS (KOHA)
Source of classification or shelving scheme
Koha item type Reference
952 ## - LOCATION AND ITEM INFORMATION (KOHA)
-- 2019-09-18
Holdings
Item status Home library Current library Shelving location Date acquired Total Checkouts Full call number Barcode Date last seen Koha item type
  Islamabad Dental Hospital Islamabad Dental Hospital Islamabad Dental Hospital 18/09/2019   611 ABR D-360 18/09/2019 Reference

Copyright @ IMDC Library
Islamabad Medical and Dental College
Bhara Kahu, Islamabad

  Contact the Librarian, IMDC
  Email:: library@imdcollege.edu.pk

  OPAC Customized by
  Mazhar Hussain,
  Librarian:
  Islamabad Medical and Dental College
  Email:: library@imdcollege.edu.pk